Textbook of Pharmacology and Therapeutics / (Record no. 35654)

MARC details
000 -LEADER
fixed length control field 00537nam a22001817a 4500
005 - DATE AND TIME OF LATEST TRANSACTION
control field 20240502104842.0
008 - FIXED-LENGTH DATA ELEMENTS--GENERAL INFORMATION
fixed length control field 240502b |||||||| |||| 00| 0 eng d
082 ## - DEWEY DECIMAL CLASSIFICATION NUMBER
Classification number 615.107
Item number MAQ-T
100 ## - MAIN ENTRY--AUTHOR
Author Name Maqsood Cheema
245 ## - TITLE STATEMENT
Title Textbook of Pharmacology and Therapeutics /
Statement of responsibility, etc. Maqsood Cheema, Akhlaq-un-nabi khan
260 ## - PUBLICATION, DISTRIBUTION, ETC.
Place of Publication Pakistan ;
Name of publisher, distributor, etc. National medical;
Date of publication, distribution, etc. 2010.
300 ## - PHYSICAL DESCRIPTION
Pages xi,354p.
490 ## - SERIES STATEMENT
Volume vol 1.
500 ## - GENERAL NOTE
General note include index .
650 ## - SUBJECT ADDED ENTRY--TOPICAL TERM
Subject / Department Medical / Pharmacology
700 ## - ADDED ENTRY--PERSONAL NAME
Personal name Akhlaq-un-nabi khan
300 ## - PHYSICAL DESCRIPTION
-- ill;
-- 24cm.
952 ## - LOCATION AND ITEM INFORMATION (KOHA)
-- 0
-- 0
952 ## - LOCATION AND ITEM INFORMATION (KOHA)
-- 0
-- 0
952 ## - LOCATION AND ITEM INFORMATION (KOHA)
-- 0
-- 0
Holdings
Lost status Damaged status Collection code Permanent Location Current Location Shelving Location Date acquired Full Call Number Accession No./Barcode Date last seen Copy number item type Koha item type
    Medical Superior Information Resource Center (SIRC) Superior University- Central Library Superior Information Resource Center (SIRC) Superior University- Central Library Pharmacology 05/02/2024 615.107 MAQ-T 2010 3711 04/16/2025 1 BOOK BOOK
    Medical Superior Information Resource Center (SIRC) Superior University- Central Library Superior Information Resource Center (SIRC) Superior University- Central Library Pharmacology 05/02/2024 615.107 MAQ-T 2010 12764 04/17/2025 2 BOOK BOOK
    Medical Superior Information Resource Center (SIRC) Superior University- Central Library Superior Information Resource Center (SIRC) Superior University- Central Library Pharmacology 05/03/2024 615.107 MAQ-T 2010 3713 05/03/2024 3 BOOK BOOK

Powered by Koha